01121naa#a2200217#i#4500001001600000005001700016011001400033100004100047102000700088200029800095210010600393215001100499608004500510700005400555700004800609700006400657700005800721700005200779700005200831856002000883RU\\bibl\11643520260513213820.3##a3034-6703##a20260331b2026####ek#y0rusy0150####ca##aRU1#aВлияние бурового раствора на углеводородной основе с баритовым утяжелителем на измерительные преобразователи пластоиспытателя ГДК/ОПК DAFNAeЖурнальная статья1#aМоскваcАссоциация геологов, геофизиков и инженеровd2026##a13 с.##aЖурнальная статья2local#1aГаллямовgШамиль Рашитович#1aТиторовgМаксим Юрьевич#1aКузнецовgДмитрий Александрович#1aСаяповgДмитрий Владимирович#1aИсламовgЛинар Ильшатович#1aМитьковgМихаил Сергеевич4#aagge-vestnik.ru